00395nam a22001577a 450000500170000001000130001702000260003003500130005603700240006908200060009310000200009924500320011926000300015127000370018130000190021820210209112051.0 aB-736856 a9780099514220c200.00 aB-736856 bGift/Eng/03-02-2021 aN aWodehouse, P.G. aBig Money /cP.G. Wodehouse aLondonbArrow Booksc2008 a20, Vauxhall Bridge RoadbLondon avp.c19cm(pbk)